[Event "M.Chigorin Memorial 2013"]
[Site "St. Petersburg"]
[Date "2013.10.08"]
[Round "4.56"]
[White "Kozionov, Kirill"]
[Black "Dushin, Nikolay"]
[Result "1-0"]
[WhiteElo "2368"]
[BlackElo "2006"]
[PlyCount "59"]
[EventDate "2013.10.05"]

1. e4 c6 2. Nc3 d5 3. Nf3 e6 4. d4 Nf6 5. e5 Nfd7 6. h4 b6 7. Ne2 Ba6 8. Nf4
Bxf1 9. Kxf1 h6 10. Rh3 Qc8 11. Kg1 Qa6 12. b3 Ba3 13. Rg3 Bxc1 14. Rxc1 Rh7
15. c4 Nf8 16. Nh5 Nbd7 17. Nxg7+ Ke7 18. Qd2 dxc4 19. bxc4 Qa5 20. Qc2 f6 21.
Qe4 Rc8 22. Nxe6 Kxe6 23. d5+ Ke7 24. d6+ Ke8 25. e6 Nc5 26. d7+ Ncxd7 27. Rg8
Re7 28. Rd1 f5 29. exd7+ Kf7 30. Qxe7+ 1-0

[Event "M.Chigorin Memorial 2013"]
[Site "St. Petersburg"]
[Date "2013.10.08"]
[Round "4.57"]
[White "Klukin, Kirill"]
[Black "Akhmetov, Ayan"]
[Result "0-1"]
[WhiteElo "2024"]
[BlackElo "2368"]
[PlyCount "78"]
[EventDate "2013.10.05"]

1. d4 Nf6 2. Nf3 e6 3. c4 c5 4. d5 exd5 5. cxd5 d6 6. Nc3 g6 7. Bf4 a6 8. a4
Bg7 9. h3 O-O 10. e3 Qe7 11. Nd2 Nbd7 12. Be2 Ne8 13. O-O f5 14. Bh2 Rb8 15.
Nc4 Ne5 16. Nb6 g5 17. Nxc8 Rxc8 18. f4 Ng6 19. Qd2 gxf4 20. Bxf4 Nxf4 21. Rxf4
Be5 22. Rf3 Ng7 23. Raf1 c4 24. a5 Qd8 25. e4 f4 26. g3 Qg5 27. Kh1 Nh5 28. Rg1
Kh8 29. gxf4 Qh6 30. Bd1 Bxf4 31. Qe1 Rg8 32. Ne2 Be5 33. Rxg8+ Rxg8 34. Qf1
Nf6 35. Bc2 Ng4 36. Ng3 Ne3 37. Nf5 Nxf5 38. exf5 Qd2 39. Qf2 Qc1+ 0-1

[Event "M.Chigorin Memorial 2013"]
[Site "St. Petersburg"]
[Date "2013.10.08"]
[Round "4.59"]
[White "Anisimov, Pavel"]
[Black "Doronkin, Grigory"]
[Result "1-0"]
[WhiteElo "2538"]
[BlackElo "1981"]
[PlyCount "49"]
[EventDate "2013.10.05"]

1. e4 c6 2. d4 d5 3. Nc3 dxe4 4. Nxe4 Bf5 5. Ng3 Bg6 6. h4 h6 7. Nf3 e6 8. Ne5
Bh7 9. Bd3 Bxd3 10. Qxd3 Nd7 11. f4 Ngf6 12. Bd2 Be7 13. O-O-O O-O 14. Qf3 Qc7
15. c4 c5 16. d5 exd5 17. Nf5 Rfe8 18. Qg3 Nh5 19. Nxh6+ Kf8 20. Qf3 Nhf6 21.
Nhxf7 Nxe5 22. Nxe5 d4 23. g4 Bd6 24. g5 Nh7 25. Qd5 1-0

[Event "M.Chigorin Memorial 2013"]
[Site "St. Petersburg"]
[Date "2013.10.08"]
[Round "4.60"]
[White "Khusenkhojaev, Muhammad"]
[Black "Belenkaya, Dina"]
[Result "1-0"]
[WhiteElo "2411"]
[BlackElo "2203"]
[PlyCount "73"]
[EventDate "2013.10.05"]

1. Nf3 d5 2. d4 Nf6 3. c4 dxc4 4. e3 e6 5. Bxc4 c5 6. O-O a6 7. dxc5 Qxd1 8.
Rxd1 Bxc5 9. Be2 O-O 10. a3 b5 11. b4 Be7 12. Bb2 Bb7 13. Nbd2 Nbd7 14. Nb3
Rac8 15. Na5 Bd5 16. Rac1 Rfd8 17. Nd4 Nb6 18. Ndc6 Re8 19. Nxe7+ Rxe7 20.
Rxc8+ Nxc8 21. Bxf6 gxf6 22. e4 Bxe4 23. Rd8+ Kg7 24. Rxc8 Rd7 25. Nb3 Rd6 26.
f3 Bd3 27. Kf2 Bc4 28. Bxc4 bxc4 29. Na5 Rd2+ 30. Kg3 Rd3 31. Nxc4 Rc3 32. a4
e5 33. b5 axb5 34. axb5 e4 35. Nd6 Rb3 36. Kf4 e3 37. Nf5+ 1-0

[Event "M.Chigorin Memorial 2013"]
[Site "St. Petersburg"]
[Date "2013.10.08"]
[Round "4.61"]
[White "Gvanceladze, Anna"]
[Black "Pasiev, Rakhim"]
[Result "0-1"]
[WhiteElo "2219"]
[BlackElo "2385"]
[PlyCount "64"]
[EventDate "2013.10.05"]

1. d4 Nf6 2. Nf3 d6 3. h3 Nbd7 4. Bf4 c5 5. e3 g6 6. c3 Bg7 7. Be2 b6 8. O-O
Bb7 9. a4 a6 10. Nbd2 O-O 11. Bh2 Qc7 12. Qb1 Rfe8 13. Qa2 Bd5 14. Bc4 Bxc4 15.
Qxc4 Qc6 16. dxc5 bxc5 17. Ng5 d5 18. Qa2 h6 19. Ngf3 e5 20. Rfd1 a5 21. e4
Nxe4 22. Nxe4 dxe4 23. Nd2 Nb6 24. Re1 Rad8 25. Nxe4 c4 26. Ng3 f5 27. Nf1 Kh7
28. Qb1 e4 29. Bf4 Rd3 30. Qa2 Nd5 31. Bc1 f4 32. Kh2 e3 0-1

[Event "M.Chigorin Memorial 2013"]
[Site "St. Petersburg"]
[Date "2013.10.08"]
[Round "4.62"]
[White "Usmanov, Vasily"]
[Black "Loginov, Anton"]
[Result "1-0"]
[WhiteElo "2366"]
[BlackElo "2156"]
[PlyCount "109"]
[EventDate "2013.10.05"]

1. d4 Nf6 2. Nf3 d5 3. g3 c5 4. Bg2 cxd4 5. O-O Nc6 6. Nxd4 e6 7. c4 Bc5 8. Nb3
Be7 9. Nc3 dxc4 10. Nd2 Na5 11. Qc2 Bd7 12. Rd1 Qc7 13. Nde4 Nxe4 14. Nxe4 O-O
15. Bf4 e5 16. Bxe5 Qxe5 17. Rxd7 Rad8 18. Rad1 Rxd7 19. Rxd7 Rd8 20. Qd2 Rxd7
21. Qxd7 Bf8 22. Nc3 Qe7 23. Qf5 b6 24. Bd5 g6 25. Qf4 h6 26. h4 Bg7 27. Bxc4
Nxc4 28. Qxc4 Bxc3 29. bxc3 h5 30. a4 Kg7 31. Kg2 Kh7 32. e4 Kg7 33. f4 Qa3 34.
f5 gxf5 35. exf5 Qb2+ 36. Kf3 Qc2 37. Qd4+ f6 38. g4 hxg4+ 39. Qxg4+ Kf8 40.
Qb4+ Kf7 41. Qc4+ Kg7 42. Qc7+ Kh6 43. Qf4+ Kg7 44. Qg3+ Kf8 45. Qd6+ Ke8 46.
Qe6+ Kd8 47. Qxf6+ Kc8 48. Qe6+ Kb8 49. Qd6+ Kb7 50. Qd5+ Kb8 51. Qe5+ Kc8 52.
f6 Qd1+ 53. Kf4 Qxa4+ 54. Kg5 Qc6 55. f7 1-0

[Event "M.Chigorin Memorial 2013"]
[Site "St. Petersburg"]
[Date "2013.10.08"]
[Round "4.63"]
[White "Shuraev, Andrei"]
[Black "Ustinov, Alexey"]
[Result "1-0"]
[WhiteElo "2351"]
[BlackElo "2125"]
[PlyCount "59"]
[EventDate "2013.10.05"]

1. c4 c5 2. g3 Nc6 3. Bg2 g6 4. Nc3 Bg7 5. Nf3 Nh6 6. d4 cxd4 7. Nxd4 Bxd4 8.
Bxh6 Qb6 9. Nd5 Qa5+ 10. b4 Qd8 11. b5 Bxa1 12. Qxa1 f6 13. Bg7 Rg8 14. Bxf6
Nb4 15. O-O Nxd5 16. Bxd5 Rf8 17. Bg7 Rf5 18. e4 Rh5 19. e5 e6 20. Bf6 Qc7 21.
Bf3 Rf5 22. Qc3 Qc5 23. Be4 a6 24. Bxf5 exf5 25. b6 d5 26. exd6 Be6 27. Bg5 Rc8
28. d7+ Kxd7 29. Rd1+ Ke8 30. Qf6 1-0

[Event "M.Chigorin Memorial 2013"]
[Site "St. Petersburg"]
[Date "2013.10.08"]
[Round "4.64"]
[White "Grigoryeva, Olga A"]
[Black "Mikhalchenko, Petr"]
[Result "0-1"]
[WhiteElo "2166"]
[BlackElo "2344"]
[PlyCount "70"]
[EventDate "2013.10.05"]

1. c4 c5 2. Nc3 a6 3. g3 Nf6 4. Bg2 e6 5. Nf3 Be7 6. d4 cxd4 7. Nxd4 O-O 8. O-O
d6 9. b3 Ra7 10. h3 b6 11. Be3 Bb7 12. Na4 Bxg2 13. Kxg2 Rb7 14. Qd3 d5 15.
Rfd1 dxc4 16. bxc4 b5 17. cxb5 axb5 18. Nb2 Qd5+ 19. Nf3 b4 20. Nc4 Qb5 21. Nd4
Qd5+ 22. Nf3 Nc6 23. Qb3 Na5 24. Nxa5 Qxa5 25. Bd4 Qb5 26. Rd2 Ne4 27. Rc2 Ra8
28. Rac1 Rbb8 29. Qb2 Bf8 30. Ne5 Qd5 31. f3 b3 32. Nc6 Rxa2 33. Nxb8 Rxb2 34.
Bxb2 bxc2 35. Rxc2 Qb3 0-1

[Event "M.Chigorin Memorial 2013"]
[Site "St. Petersburg"]
[Date "2013.10.08"]
[Round "4.65"]
[White "Kostin, Konstantin"]
[Black "Ivanov, Sergei V"]
[Result "1-0"]
[WhiteElo "2337"]
[BlackElo "2053"]
[PlyCount "159"]
[EventDate "2013.10.05"]

1. b3 e5 2. Bb2 Nc6 3. e3 g6 4. f4 Bg7 5. Nf3 f6 6. fxe5 fxe5 7. Bb5 Nge7 8. e4
a6 9. Be2 d5 10. O-O O-O 11. exd5 Nxd5 12. Bc4 Be6 13. Nc3 Nf4 14. Bxe6+ Nxe6
15. Ne4 Qd5 16. d3 Ned4 17. Nxd4 Nxd4 18. Bxd4 exd4 19. Qg4 Qc6 20. Rxf8+ Rxf8
21. Rf1 Rxf1+ 22. Kxf1 h6 23. Qe2 h5 24. h4 b5 25. Ke1 a5 26. Kd1 Bf6 27. g4
hxg4 28. Qxg4 Be7 29. h5 Kg7 30. a4 bxa4 31. bxa4 Kf7 32. Qf4+ Kg8 33. Qe5 Bf8
34. Nf6+ Kf7 35. Ne4 gxh5 36. Qxh5+ Qg6 37. Ng5+ Kg7 38. Qxg6+ Kxg6 39. Ne6 Bg7
40. Nxc7 Kf5 41. Kc1 Ke5 42. Kb2 Bf8 43. Kb3 Kd6 44. Nb5+ Kc5 45. c3 dxc3 46.
Kxc3 Be7 47. d4+ Kd5 48. Kd3 Bb4 49. Nc3+ Kc6 50. Kc4 Bf8 51. Ne4 Bb4 52. Nc5
Kd6 53. Nd3 Bd2 54. Nf2 Bb4 55. Ne4+ Ke6 56. Nf2 Kd6 57. Ng4 Kc6 58. Ne3 Bf8
59. Kd3 Bb4 60. Ke4 Kd6 61. Nf5+ Ke6 62. Ne3 Kd6 63. Nc4+ Ke6 64. d5+ Kd7 65.
Kd4 Ke7 66. Ne3 Kd7 67. Nf5 Ba3 68. Ng3 Bb2+ 69. Kc5 Ba3+ 70. Kc4 Kd6 71. Ne4+
Kd7 72. Nc5+ Kc7 73. Ne4 Bb4 74. Kd4 Kd7 75. Ke5 Be7 76. d6 Bd8 77. Kd5 Bb6 78.
Nc5+ Ke8 79. Kc6 Bd8 80. Nb7 1-0

[Event "M.Chigorin Memorial 2013"]
[Site "St. Petersburg"]
[Date "2013.10.08"]
[Round "4.66"]
[White "Khadzhiev, Valery"]
[Black "Duzhakov, Ilya"]
[Result "0-1"]
[WhiteElo "2107"]
[BlackElo "2326"]
[PlyCount "74"]
[EventDate "2013.10.05"]

1. d4 Nf6 2. Nf3 c5 3. e3 g6 4. Be2 Bg7 5. O-O b6 6. c4 O-O 7. Nc3 Bb7 8. Qc2
e6 9. dxc5 bxc5 10. Rd1 Qe7 11. b3 d6 12. Bb2 Ne8 13. Rd2 Nc6 14. Rad1 f5 15.
Nb5 Bxb2 16. Qxb2 Rd8 17. a3 a6 18. Nc3 g5 19. b4 g4 20. Ne1 cxb4 21. axb4 Rf6
22. f3 Rh6 23. g3 Ba8 24. fxg4 fxg4 25. Bxg4 Ne5 26. Be2 Qg5 27. Ng2 Rd7 28.
Rf1 Rg7 29. g4 Bxg2 30. Kxg2 Qxe3 31. Kh1 Qg3 32. Bd1 Nxc4 33. Ne4 Qh3 34.
Qxg7+ Kxg7 35. Rdf2 Ne5 36. Bc2 Qe3 37. Kg2 Rh4 0-1

[Event "M.Chigorin Memorial 2013"]
[Site "St. Petersburg"]
[Date "2013.10.08"]
[Round "4.67"]
[White "Bazeev, German"]
[Black "Trapeznikova, Darya"]
[Result "1-0"]
[WhiteElo "2322"]
[BlackElo "2048"]
[PlyCount "95"]
[EventDate "2013.10.05"]

1. d4 d5 2. Nf3 c6 3. c4 e6 4. e3 f5 5. Nc3 Nf6 6. Be2 Bd6 7. O-O O-O 8. Nd2 b6
9. a4 Bb7 10. a5 c5 11. cxd5 cxd4 12. exd4 Nxd5 13. a6 Bc6 14. Nb5 Be7 15. Nf3
Nd7 16. Bd2 N7f6 17. Ne5 Qe8 18. Nxc6 Qxc6 19. Rc1 Qd7 20. Nc3 Nxc3 21. bxc3
Rac8 22. Bf3 Ne8 23. Re1 Nc7 24. Qb3 Kh8 25. Bb7 Rcd8 26. Bf4 Nd5 27. Be5 Bg5
28. Rcd1 Rfe8 29. c4 Nc7 30. c5 bxc5 31. dxc5 Qf7 32. Qg3 Rxd1 33. Rxd1 Rd8 34.
Rxd8+ Bxd8 35. Qd3 Nd5 36. Bxd5 exd5 37. h3 h6 38. c6 Bb6 39. Qc2 Bc7 40. Bxc7
Qxc7 41. Qc5 d4 42. Qf8+ Kh7 43. Qxf5+ Kh8 44. Qd7 Qf4 45. g3 Qc1+ 46. Kg2 d3
47. c7 d2 48. c8=Q+ 1-0

[Event "M.Chigorin Memorial 2013"]
[Site "St. Petersburg"]
[Date "2013.10.08"]
[Round "4.68"]
[White "Vunder, Andrey"]
[Black "Kigel, Dmytro"]
[Result "1/2-1/2"]
[WhiteElo "2245"]
[BlackElo "2320"]
[PlyCount "197"]
[EventDate "2013.10.05"]

1. d4 g6 2. Nf3 Bg7 3. c4 f5 4. Nc3 Nf6 5. e3 O-O 6. b4 d6 7. Bb2 Qe8 8. Qb3 c6
9. Rd1 Kh8 10. Be2 e5 11. dxe5 dxe5 12. O-O Nbd7 13. c5 b6 14. cxb6 Nxb6 15.
Rd6 Rb8 16. b5 cxb5 17. Bxb5 Bd7 18. Bxd7 Nbxd7 19. Qc2 Nb6 20. Ba1 Qe7 21.
Rdd1 Rfc8 22. Qe2 e4 23. Nd4 Nc4 24. Rb1 Qf7 25. Rfc1 Ne5 26. Ncb5 Rxc1+ 27.
Rxc1 Nd3 28. Rc7 Qxc7 29. Nxc7 Rb1+ 30. Qf1 Rxf1+ 31. Kxf1 Ng4 32. Ndb5 a5 33.
Bc3 a4 34. Ne6 Bxc3 35. Nxc3 a3 36. Nd4 Ngxf2 37. Nc2 Ng4 38. h3 Nge5 39. Nxa3
Kg7 40. Nc2 Nc4 41. Ke2 Kf6 42. Nd5+ Kg5 43. Ndb4 Nc5 44. Ne1 Kh4 45. Kf2 Nb2
46. Nd5 Nca4 47. Nf4 Nc3 48. g3+ Kg5 49. Nc2 Nxa2 50. Nd4 Nc3 51. Ke1 Nc4 52.
Ng2 Kf6 53. h4 Kg7 54. h5 Kh6 55. hxg6 hxg6 56. Ne2 Nd5 57. Kf2 Kg5 58. Nef4
Ncxe3 59. Nxe3 Nxf4 60. gxf4+ Kxf4 61. Nd5+ Ke5 62. Ne7 g5 63. Nc6+ Kf4 64. Nd4
Ke5 65. Nc6+ Kd5 66. Ne7+ Ke6 67. Nc6 f4 68. Nd8+ Kf6 69. Nb7 g4 70. Nd6 Ke5
71. Nf7+ Kd4 72. Nh6 g3+ 73. Kg2 Ke3 74. Nf5+ Kd3 75. Nh4 Ke2 76. Nf5 Kd3 77.
Nh4 Kd4 78. Ng6 Ke3 79. Nh4 Ke2 80. Nf5 Kd2 81. Nh4 Ke3 82. Nf5+ Kd2 83. Nh4
Ke2 84. Nf5 Kd1 85. Nd4 Ke1 86. Nc2+ Ke2 87. Nd4+ Kd3 88. Ne6 Ke3 89. Ng7 Ke2
90. Nf5 Kd1 91. Nd4 Ke1 92. Nf5 e3 93. Nd4 Kd2 94. Kf3 Kd1 95. Ne2 g2 96. Ng1
Kd2 97. Kxg2 e2 98. Nf3+ Ke3 99. Ne1 1/2-1/2

[Event "M.Chigorin Memorial 2013"]
[Site "St. Petersburg"]
[Date "2013.10.08"]
[Round "4.69"]
[White "Kostin, Alexey"]
[Black "Senkevich, Konstantin"]
[Result "1-0"]
[WhiteElo "2306"]
[BlackElo "2039"]
[PlyCount "49"]
[EventDate "2013.10.05"]

1. e4 c6 2. c4 g6 3. Nc3 Bg7 4. d4 d6 5. Be3 Nf6 6. f3 e5 7. d5 c5 8. Bd3 O-O
9. Nge2 Nh5 10. Qd2 f5 11. exf5 gxf5 12. O-O-O f4 13. Bf2 Bf5 14. Bxf5 Rxf5 15.
g4 fxg3 16. hxg3 Rxf3 17. Ng1 Rxf2 18. Qxf2 Bh6+ 19. Kb1 Qg5 20. Qh2 Qg6+ 21.
Ka1 Nxg3 22. Qxh6 Nxh1 23. Qxh1 Nd7 24. Nf3 Kh8 25. Rg1 1-0

[Event "M.Chigorin Memorial 2013"]
[Site "St. Petersburg"]
[Date "2013.10.08"]
[Round "4.70"]
[White "Sichinava, Zviad"]
[Black "Krasovskiy, Sviatoslav"]
[Result "1-0"]
[WhiteElo "2305"]
[BlackElo "2031"]
[PlyCount "187"]
[EventDate "2013.10.05"]

1. d4 Nf6 2. Bg5 e6 3. Nd2 h6 4. Bh4 c5 5. e3 cxd4 6. exd4 Be7 7. Ngf3 b6 8.
Bd3 Bb7 9. O-O d6 10. a4 a6 11. c4 O-O 12. b4 Nc6 13. Rb1 a5 14. bxa5 Rxa5 15.
Qb3 Nd7 16. Bxe7 Nxe7 17. Be4 Qa8 18. Bxb7 Qxb7 19. c5 dxc5 20. Nc4 Ra6 21. a5
cxd4 22. Nxd4 Qd5 23. Nb5 Ne5 24. Nc7 Qxc4 25. Qxc4 Nxc4 26. Nxa6 bxa5 27. Rfc1
Rc8 28. Ra1 Kf8 29. Ra4 Rc6 30. Nb8 Rc8 31. Rcxc4 Rxb8 32. g3 Rb5 33. Rc7 g6
34. Rac4 Nd5 35. Rd7 Kg7 36. Rc6 Rb6 37. Rc8 Rb5 38. Rdd8 Nf6 39. Rd6 Re5 40.
Rb6 Nd5 41. Ra8 Rf5 42. Rxa5 Ne3 43. Ra4 Nd1 44. Ra2 Nc3 45. Rc2 Nd5 46. Rc8 g5
47. Re8 Kf6 48. Kg2 Kg6 49. h3 Nf6 50. Ra8 Ne4 51. Ra2 Nc3 52. Rc2 Ne4 53. Rb8
Kg7 54. Ra2 Kh7 55. Rb4 Nc3 56. Ra8 Nd5 57. Rb7 Kg7 58. Re8 Kg6 59. Ra7 Nf6 60.
Rf8 Nd5 61. Ra4 Kg7 62. Rb8 h5 63. Rb3 Nf6 64. Rf3 Kg6 65. Rxf5 Kxf5 66. Ra7
Kg6 67. Kf3 Nd5 68. Ke4 Nf6+ 69. Ke5 Nd5 70. Ra8 Ne7 71. Re8 Nc6+ 72. Kd6 Nd4
73. Ke7 Nf5+ 74. Kf8 g4 75. hxg4 hxg4 76. Rd8 Kf6 77. Rd7 Nh6 78. Rd4 Kg6 79.
Rf4 e5 80. Ra4 f6 81. Rb4 Kg5 82. Kg7 Nf5+ 83. Kf7 Nh6+ 84. Ke6 Nf5 85. Rb6 Nh6
86. Rb8 e4 87. Rh8 f5 88. Rxh6 f4 89. Rh1 e3 90. fxe3 fxg3 91. Ke5 g2 92. Rg1
Kh4 93. Rxg2 Kh3 94. Kf4 1-0

[Event "M.Chigorin Memorial 2013"]
[Site "St. Petersburg"]
[Date "2013.10.08"]
[Round "4.71"]
[White "Solovyov, Viktor"]
[Black "Utkin, Vladimir"]
[Result "1-0"]
[WhiteElo "2298"]
[BlackElo "2025"]
[PlyCount "103"]
[EventDate "2013.10.05"]

1. Nf3 d5 2. d4 Nf6 3. c4 c6 4. Qc2 dxc4 5. Qxc4 Bf5 6. g3 Nbd7 7. Bg2 e6 8.
O-O Be7 9. Qb3 Qb6 10. Nbd2 O-O 11. Nc4 Qa6 12. Bf4 Ne4 13. Rfd1 Nb6 14. Nfe5
Nxc4 15. Qxc4 Qxc4 16. Nxc4 g5 17. Be3 Rfd8 18. g4 Bg6 19. Ne5 Nd6 20. Rac1 Be4
21. f3 Bg6 22. Bf2 f6 23. Nd3 Bxd3 24. Rxd3 f5 25. e4 f4 26. Bf1 Rd7 27. Rb3
Rad8 28. a4 Rc8 29. Rbc3 Rdc7 30. Be2 Kf7 31. Bd1 Ne8 32. Bb3 Bf6 33. Rc4 Ke7
34. Kg2 Bg7 35. Rb4 Rd7 36. h4 h6 37. Rc2 Rcd8 38. d5 exd5 39. exd5 cxd5 40.
Bxa7 Kf7 41. Bb6 Ra8 42. Rb5 Nf6 43. h5 Re8 44. Rd2 Re1 45. Bf2 Rc1 46. Bd4 Bf8
47. Bc3 Be7 48. Rb6 Ra1 49. a5 Rc7 50. Bxd5+ Nxd5 51. Rxd5 Bc5 52. Rxh6 1-0

[Event "M.Chigorin Memorial 2013"]
[Site "St. Petersburg"]
[Date "2013.10.08"]
[Round "4.73"]
[White "Plotnikov, Vitaly"]
[Black "Kopasov, Evgeny"]
[Result "1-0"]
[WhiteElo "2065"]
[BlackElo "1975"]
[PlyCount "71"]
[EventDate "2013.10.05"]

1. e4 c5 2. Nf3 d6 3. Bc4 e6 4. O-O Nc6 5. c3 Nf6 6. Re1 Nxe4 7. Bxe6 Bxe6 8.
Rxe4 d5 9. Re1 Be7 10. d4 cxd4 11. Nxd4 Nxd4 12. Qxd4 O-O 13. Bf4 b6 14. Be5 f6
15. Bf4 Bf7 16. Be3 Re8 17. Nd2 Rc8 18. Nf3 Qd7 19. Qd2 Bc5 20. Bd4 Re4 21.
Rxe4 dxe4 22. Bxc5 Qb7 23. Bxb6 exf3 24. Bd4 fxg2 25. f4 Bd5 26. Re1 a6 27. b3
Qf7 28. Qe2 Bb7 29. b4 Rd8 30. a4 Qd7 31. b5 axb5 32. axb5 Kf7 33. b6 Re8 34.
Qh5+ g6 35. Qxh7+ Kf8 36. Bc5+ 1-0

[Event "M.Chigorin Memorial 2013"]
[Site "St. Petersburg"]
[Date "2013.10.08"]
[Round "4.74"]
[White "Demianjuk, Alexander"]
[Black "Assaubayeva, Bibissara"]
[Result "1-0"]
[WhiteElo "2355"]
[BlackElo "1820"]
[PlyCount "109"]
[EventDate "2013.10.05"]

1. d4 Nf6 2. c4 e6 3. Nf3 Bb4+ 4. Bd2 Bxd2+ 5. Qxd2 O-O 6. g3 b6 7. Bg2 Bb7 8.
O-O d6 9. Nc3 c5 10. d5 exd5 11. Nh4 Ne4 12. Qc2 Nxc3 13. bxc3 Nd7 14. cxd5 c4
15. Nf5 Nc5 16. Nd4 Qd7 17. a4 Rfe8 18. Rfe1 Rac8 19. h4 Re5 20. e4 Nd3 21. Re3
Rce8 22. Qe2 g6 23. a5 b5 24. a6 Ba8 25. Rb1 Rb8 26. Rxd3 cxd3 27. Qxd3 Qc8 28.
Rxb5 Rxb5 29. Qxb5 Re7 30. c4 Rc7 31. Bf1 Rc5 32. Qa4 Qd8 33. Nb5 Qd7 34. Qa1
Qe7 35. Bd3 h5 36. f4 f6 37. Qd4 Kg7 38. Kh2 Kg8 39. Bf1 Kh7 40. Bh3 f5 41. e5
dxe5 42. fxe5 Bxd5 43. Nd6 Ra5 44. cxd5 Rxa6 45. Bg2 Ra2 46. Nc4 Qb7 47. e6 Qe7
48. Qe3 f4 49. Qxf4 Re2 50. Qf1 Rc2 51. Qd3 Rc1 52. Ne5 Qf6 53. Nf3 Kg8 54. d6
Rc8 55. e7 1-0

[Event "M.Chigorin Memorial 2013"]
[Site "St. Petersburg"]
[Date "2013.10.08"]
[Round "4.75"]
[White "Erenberg, Ariel"]
[Black "Biriukov, Oleg V"]
[Result "0-1"]
[WhiteElo "2029"]
[BlackElo "2328"]
[PlyCount "152"]
[EventDate "2013.10.05"]

1. d4 Nf6 2. c4 e6 3. Nc3 Bb4 4. e3 O-O 5. Nge2 d5 6. a3 Be7 7. cxd5 Nxd5 8.
Bd2 Nd7 9. g3 N5b6 10. Bg2 e5 11. O-O exd4 12. Nxd4 Ne5 13. Qc2 c5 14. Nde2 Qd3
15. Qc1 Rd8 16. Be1 g5 17. Be4 Qa6 18. f4 Nd3 19. Qc2 Bh3 20. Rd1 c4 21. Bg2
Bxg2 22. Kxg2 Nd5 23. Nxd5 Rxd5 24. Nd4 Bc5 25. Nf3 g4 26. Ne5 Rxe5 27. fxe5
Qc6+ 28. Kg1 Bxe3+ 29. Bf2 Nxf2 30. Rxf2 Qf3 31. Rdd2 Re8 32. Qxc4 Rxe5 33. Qe2
Qxe2 34. Rdxe2 Bxf2+ 35. Rxf2 Re1+ 36. Kg2 Rb1 37. Rc2 Kg7 38. h3 h5 39. hxg4
hxg4 40. Kf2 Kg6 41. b4 b6 42. Rc7 Rb2+ 43. Ke3 Rb3+ 44. Kf4 Rxa3 45. Kxg4 b5
46. Rb7 a6 47. Rb6+ f6 48. Rc6 Ra4 49. Kf3 Kf5 50. g4+ Ke5 51. Kg3 Ra3+ 52. Kf2
Ra2+ 53. Kf3 Ra1 54. Kg2 Ra4 55. Kf3 Rxb4 56. Rxa6 Rf4+ 57. Kg3 f5 58. g5 Rg4+
59. Kf3 Kd4 60. g6 b4 61. Ke2 Rg3 62. Kd2 Rg2+ 63. Kc1 b3 64. Rb6 Kc3 65. Rc6+
Kd3 66. Rb6 b2+ 67. Kb1 f4 68. Rb3+ Ke4 69. Rb4+ Kf5 70. Rxb2 Rxb2+ 71. Kxb2
Kxg6 72. Kc2 Kg5 73. Kd3 Kg4 74. Ke2 Kg3 75. Kf1 Kf3 76. Kg1 Ke2 0-1

[Event "M.Chigorin Memorial 2013"]
[Site "St. Petersburg"]
[Date "2013.10.08"]
[Round "4.76"]
[White "Radkov, Bazhen D"]
[Black "Drozdova, Dina"]
[Result "1/2-1/2"]
[WhiteElo "2027"]
[BlackElo "2291"]
[PlyCount "110"]
[EventDate "2013.10.05"]

1. d4 e6 2. c4 Nf6 3. g3 Bb4+ 4. Bd2 Qe7 5. Bg2 Nc6 6. e3 Bxd2+ 7. Qxd2 e5 8.
d5 Nb8 9. Nc3 d6 10. h3 a5 11. Nge2 Na6 12. g4 Nc5 13. O-O h5 14. g5 Nh7 15. f4
h4 16. Rae1 Bf5 17. Nc1 e4 18. Nb5 f6 19. Nd4 g6 20. Qf2 Nf8 21. b3 Rh5 22. Qe2
Rh7 23. Qf2 Nfd7 24. a3 Nb6 25. Kh1 Kd7 26. gxf6 Qxf6 27. Rg1 Rf8 28. Bf1 Nc8
29. b4 axb4 30. axb4 Na6 31. Qa2 Kd8 32. Qa5 Qe7 33. Ncb3 Qd7 34. Nxf5 Rxf5 35.
Nd4 Rf6 36. Re2 Nb6 37. Rd2 Qa4 38. Ne6+ Kc8 39. Qxa4 Nxa4 40. Ra2 Nb6 41. Rb2
Rh6 42. Be2 c6 43. b5 cxb5 44. Rxb5 Na4 45. Bg4 Kb8 46. Ra1 N6c5 47. Rb4 Nxe6
48. Rbxa4 Nc7 49. Rb4 Rh7 50. Rb6 Na8 51. Rb4 Nc7 52. Kg2 Rhf7 53. Ra2 Re7 54.
Rb6 Na8 55. Rb4 Nc7 1/2-1/2

[Event "M.Chigorin Memorial 2013"]
[Site "St. Petersburg"]
[Date "2013.10.08"]
[Round "4.77"]
[White "Cheremnova, Tamara"]
[Black "Voronenkov, Sergey"]
[Result "1-0"]
[WhiteElo "2289"]
[BlackElo "2019"]
[PlyCount "107"]
[EventDate "2013.10.05"]

1. d4 Nf6 2. c4 g6 3. g3 d5 4. cxd5 Nxd5 5. Bg2 Bg7 6. Nf3 O-O 7. O-O Na6 8. e4
Nb6 9. Nc3 c5 10. d5 e6 11. Bg5 f6 12. Bc1 e5 13. b3 Bd7 14. Bb2 Nc8 15. Nd2
Nd6 16. Nc4 Nf7 17. a4 Nc7 18. Ba3 b6 19. Qd3 Re8 20. f4 exf4 21. gxf4 Rb8 22.
Rae1 a6 23. Nd2 Bf8 24. Bb2 b5 25. axb5 Nxb5 26. Nxb5 Bxb5 27. Nc4 Nd6 28. Rf2
Bxc4 29. bxc4 Rb4 30. Rc1 Nf7 31. Bc3 Rb3 32. Qc2 Rb7 33. Qa4 Qc8 34. Bxf6 Rb4
35. Qc2 Nd6 36. Qd3 Qb7 37. Bc3 Rb3 38. e5 Nf5 39. d6 Qb6 40. Qd5+ Kh8 41. d7
Rd8 42. e6+ Rxc3 43. Rxc3 Bg7 44. Rd3 Bf6 45. Rf1 Kg7 46. Bh3 Nd4 47. Re1 Kf8
48. e7+ Bxe7 49. Rxe7 Kxe7 50. Re3+ Kf8 51. Qe5 Qb1+ 52. Bf1 Qb6 53. Qe7+ Kg8
54. Qxd8+ 1-0

[Event "M.Chigorin Memorial 2013"]
[Site "St. Petersburg"]
[Date "2013.10.08"]
[Round "4.78"]
[White "Pletnev, Evgeniy"]
[Black "Opanasenko, Mikhail"]
[Result "1-0"]
[WhiteElo "2278"]
[BlackElo "2009"]
[PlyCount "137"]
[EventDate "2013.10.05"]

1. d4 e6 2. Nf3 Nf6 3. b3 d5 4. e3 Be7 5. Bd3 O-O 6. Bb2 Nbd7 7. Nbd2 b6 8. O-O
Bb7 9. Qe2 Ne4 10. Rad1 f5 11. c4 c6 12. Ne5 Nxe5 13. dxe5 Qe8 14. Nxe4 fxe4
15. Bb1 Bc5 16. f4 Qe7 17. cxd5 cxd5 18. g4 a5 19. Qf2 Ba6 20. Rfe1 Bb4 21. Bd4
Bxe1 22. Rxe1 b5 23. Bc2 Rac8 24. Bd1 g6 25. h4 Rf7 26. Kh2 Rc6 27. Rg1 Bc8 28.
Kh3 Kf8 29. h5 b4 30. Rh1 gxh5 31. g5 Qxg5 32. Rg1 Qf5+ 33. Kh2 Rg7 34. Rxg7
Kxg7 35. Qh4 Ba6 36. Bc5 Rxc5 37. Qe7+ Kg6 38. Qxc5 Bf1 39. Kg1 Qh3 40. Kf2 Bd3
41. Ke1 Qf1+ 42. Kd2 Qf2+ 43. Kc1 Qxa2 44. f5+ exf5 45. Qd6+ Kg7 46. Qf6+ Kg8
47. e6 h6 48. e7 Qb1+ 49. Kd2 Bb5 50. Qg6+ Kh8 51. Qxh6+ Kg8 52. Qg6+ Kh8 53.
Qxh5+ Kg7 54. Qg5+ Kh7 55. Qxf5+ Kg7 56. Qe5+ Kh7 57. Qh5+ Kg7 58. Qg5+ Kh7 59.
Qxd5 Qb2+ 60. Ke1 Qc3+ 61. Kf2 Qf6+ 62. Kg3 Qg6+ 63. Bg4 Be2 64. Qf5 Bb5 65.
Qxb5 Qd6+ 66. Kh3 Qxe7 67. Qd7 Qxd7 68. Bxd7 Kg6 69. Kg4 1-0

[Event "M.Chigorin Memorial 2013"]
[Site "St. Petersburg"]
[Date "2013.10.08"]
[Round "4.80"]
[White "Suleymanyants, Odisey"]
[Black "Kazantsev, Nikita"]
[Result "1-0"]
[WhiteElo "2262"]
[BlackElo "1999"]
[PlyCount "76"]
[EventDate "2013.10.05"]

1. d4 Nf6 2. c4 g6 3. Nf3 Bg7 4. e3 O-O 5. Be2 d6 6. O-O c6 7. a3 Qc7 8. Nbd2
Nbd7 9. b4 e5 10. dxe5 dxe5 11. e4 Rd8 12. Bb2 Nh5 13. g3 Nf8 14. c5 Bh3 15.
Re1 Be6 16. Qc2 Re8 17. Ng5 Nf6 18. Nc4 Bxc4 19. Bxc4 Re7 20. Rad1 h6 21. Nf3
Nh5 22. Rd6 Qc8 23. Nh4 Bf6 24. Nxg6 Nxg6 25. Be2 Nxg3 26. hxg3 Bg5 27. Qb3 Kh7
28. Bc4 Qg4 29. Be2 Qxe4 30. Qd1 Rae8 31. Bd3 Qxe1+ 32. Qxe1 e4 33. Qc3 f6 34.
Be2 e3 35. f4 Bxf4 36. gxf4 Nxf4 37. Bd3+ Kg8 38. Qxf6 Ne6 1-0

[Event "M.Chigorin Memorial 2013"]
[Site "St. Petersburg"]
[Date "2013.10.08"]
[Round "4.81"]
[White "Kiseleva, Arina"]
[Black "Grigoriev, Maxim G"]
[Result "0-1"]
[WhiteElo "1992"]
[BlackElo "2211"]
[PlyCount "106"]
[EventDate "2013.10.05"]

1. d4 d5 2. Nf3 Nf6 3. c4 e6 4. Nc3 c6 5. cxd5 exd5 6. Bg5 Bf5 7. e3 Qb6 8. Qc1
Nbd7 9. Be2 Be7 10. O-O O-O 11. Ne5 Qd8 12. Bd3 Bxd3 13. Nxd3 Re8 14. b4 h6 15.
Bf4 Nh5 16. b5 Nxf4 17. Nxf4 Bd6 18. bxc6 bxc6 19. Nd3 Nf6 20. Na4 Rc8 21. Nac5
Ne4 22. g3 Qg5 23. Nxe4 dxe4 24. Nc5 h5 25. Qc2 Qg4 26. Rac1 h4 27. Qd1 Qg6 28.
Qe2 f5 29. Rc2 f4 30. exf4 Bxf4 31. Kh1 h3 32. f3 Bh6 33. fxe4 Rf8 34. Rb2 Be3
35. Rbb1 Bh6 36. g4 Rcd8 37. Nb3 Rfe8 38. Rf5 a5 39. a4 Qe6 40. Nc5 Qc8 41. Qf2
Rf8 42. Rxf8+ Rxf8 43. Qg3 Bf4 44. Qb3+ Rf7 45. Qxh3 Bd6 46. Nb3 Qe6 47. e5 Bb4
48. Qg2 Rf4 49. h3 Qf7 50. g5 Qf5 51. Rc1 Rf3 52. Rxc6 Rf1+ 53. Kh2 Qf4+ 0-1